000 00794nab a2200241 u 4500
001 17461
003 HDC
007 cr bn ---aaaaa
008 210224c20110528xx dr|noo 0 a eng d
040 _aHDC
245 0 _aMalaysia: SMEs to access the global market
260 _a[No place] :
_b[publisher not identified],
_c2011
336 _atext
_2rdacontent
337 _acomputer
_2rdamedia
338 _aonline resource
_2rdacarrier
650 _ahalal industry
_9144
650 _aSmall and medium enterprises (SMEs)
_9135
710 _aHalal Focus
856 _zRequest full-text at [email protected]
942 _2lcc
942 _cNEWS
942 _kNWSO 005917
999 _c14777
_d14777